|
|
|
|
| LEADER |
01233nam a2200325 a 4500 |
| 001 |
33391 |
| 003 |
BD-DhAAL |
| 005 |
20180715164621.0 |
| 008 |
180715r19961991maua b 001 0 eng |
| 999 |
|
|
|c 39784
|d 39784
|
| 010 |
|
|
|a 90042960
|
| 020 |
|
|
|a 0262531127
|
| 020 |
|
|
|a 0262031752 :
|c $24.95
|
| 040 |
|
|
|a DLC
|c DLC
|d DLC
|d BD-DhAAL
|
| 043 |
|
|
|a n-us---
|
| 050 |
0 |
0 |
|a NA1996
|b .C84 1991
|
| 082 |
0 |
0 |
|a 720.68
|2 20
|
| 100 |
1 |
|
|a Cuff, Dana,
|d 1953-
|9 27352
|
| 245 |
1 |
0 |
|a Architecture :
|b the story of practice /
|c Dana Cuff.
|
| 260 |
|
|
|a Cambridge, Mass. :
|b MIT Press,
|c c1991 [fifth printing 1996].
|
| 300 |
|
|
|a xi, 306 pages :
|b illustrations ;
|c 26 cm.
|
| 504 |
|
|
|a Includes bibliographical references (pages [287]-298) and index.
|
| 526 |
|
|
|a ARC
|
| 541 |
|
|
|e 33391
|
| 650 |
|
0 |
|a Architectural practice
|z United States.
|9 27353
|
| 650 |
|
0 |
|a Architects
|z United States
|x Interviews.
|9 27354
|
| 650 |
|
0 |
|a Architecture and society
|z United States.
|9 27355
|
| 852 |
|
|
|a Department of Architecture
|c General Stacks
|
| 942 |
|
|
|2 ddc
|c BK
|
| 952 |
|
|
|0 0
|1 0
|2 ddc
|4 0
|6 720_680000000000000_CUF
|7 0
|9 63814
|a BRACUL
|b BRACUL
|c GEN
|d 2018-07-15
|l 0
|o 720.68 CUF
|p 3010033391
|r 2018-07-15
|t 1
|w 2018-07-15
|y BK
|x Transferred from ARC to BRACUL on 28/12/2023
|